Cinq cents lettres pour tous les jours /

Saved in:
Bibliographic Details
Main Author: Sandrieu, Dominique (Author)
Format: Book
Language:French
Published: Paris : Librairie larousse, 1989
Tags: Add Tag
No Tags, Be the first to tag this record!

MARC

LEADER 00000nam a22000003a 4500
001 stu17117
005 20150617225758.5
008 ------s1989----fr------------------fre-d
020 |a 2-03-507108-9 
040 |a STU  |b slo 
041 0 |a fre 
044 |a fr 
080 |a 804.0 
100 1 |a Sandrieu, Dominique  |4 aut 
245 1 |a Cinq cents lettres pour tous les jours /  |c [aut.]Sandrieu,Dominique 
260 |a Paris :  |b Librairie larousse,  |c 1989 
300 |a 383 s :  |b Index 
996 |b C87574  |c C*87574  |l CCIV  |s P  |a 0  |w stu17117_0001